Statistics for 中国城市常识

Click here to take the quiz!

General Stats

  • This quiz has been taken 2 538 times
  • The average score is 13 of 16

Answer Stats

QuestionAnswer% Correct
哪个西部城市以牛肉面闻名?兰州
96%
哪两个城市有人间天堂的美誉?苏州和杭州
95%
一个曾为公共租界,而现在是联合国世界遗产的「鼓浪屿」位于哪里?厦门
93%
哪个山城以麻辣火锅闻名?重庆
92%
2022年北京冬季奥运会由哪个城市协办?张家口
90%
哪个城市因为它的钟乳石山而被称为拥有世上最美丽的风景?桂林
90%
万里长城东端连接海洋的起点在哪里?秦皇岛
84%
陇海铁路和新欧亚大陆桥的东端总站在哪里?连云港
81%
哪里以其香醋闻名?镇江
80%
哪个城市因其狗肉节而扬名?玉林
76%
苹果手机在哪里组装?郑州
76%
毛泽东叫人民工业学哪里?大庆
74%
以下哪个城市不以白酒著名?达州
74%
哪个城市的人民成功预测2016年美国大选特朗普会胜出希拉里?义乌
65%
清政府于1898年向英国出租哪里以抗衡位于大连的俄罗斯?威海
63%
哪里是伪满洲国的首都?长春
60%

Score Distribution

Percentile by Number Answered

Percent of People with Each Score

Your Score History

You have not taken this quiz